[Event "Montevideo Nazzari Cup"]
[Site "Montevideo"]
[Date "2019.10.20"]
[Round "7"]
[White "Genta, Alejandro"]
[Black "Rodriguez Farias, Eduardo"]
[Result "0-1"]
[WhiteElo "2036"]
[BlackElo "1931"]
[PlyCount "94"]
[EventDate "2019.10.14"]
[EventType "swiss"]
[EventRounds "7"]
[EventCountry "URU"]
[SourceTitle "CBM 192 Extra"]
[Source "Chessbase"]
[SourceDate "2019.11.06"]
[SourceVersion "1"]
[SourceVersionDate "2019.11.06"]
[SourceQuality "1"]

1. d4 Nf6 2. c4 c5 3. d5 b5 4. cxb5 a6 5. bxa6 g6 6. Nc3 Bg7 7. e4 0-0 8. Nf3 Qa5 9. Bd2 Bxa6 10. Be2 d6 11. 0-0 Bxe2 12. Qxe2 Qa6 13. Rfe1 Nbd7 14. h3 Rfb8 15. Rab1 Nb6 16. b4 Qxe2 17. Rxe2 cxb4 18. Rxb4 Nfd7 19. Nd4 Na4 20. Ncb5 Nac5 21. Nc6 Rb7 22. Bg5 Nf6 23. f3 Kf8 24. Be3 Nfd7 25. Bd4 Bh6 26. Nc3 Rc7 27. Rb5 Na4 28. Nd1 Ke8 29. g3 e5 30. Be3 Bxe3+ 31. Rxe3 Nac5 32. a3 f5 33. Nf2 Ra4 34. Rb4 Ra6 35. g4 f4 36. Rc3 Rc8 37. g5 Rca8 38. Ng4 Rxa3 39. Rxa3 Rxa3 40. Nf6+ Nxf6 41. gxf6 Rxf3 42. Nd8 Nd7 43. Rb7 Kxd8 44. f7 Nf8 45. Rb8+ Ke7 46. Rb7+ Kf6 47. Rb6 Kxf7 0-1

[Event "Montevideo Nazzari Cup"]
[Site "Montevideo"]
[Date "2019.10.16"]
[Round "3"]
[White "Saralegui Cassan, Mario"]
[Black "Rodriguez Farias, Eduardo"]
[Result "0-1"]
[WhiteElo "2059"]
[BlackElo "1931"]
[PlyCount "88"]
[EventDate "2019.10.14"]
[EventType "swiss"]
[EventRounds "7"]
[EventCountry "URU"]
[SourceTitle "CBM 192 Extra"]
[Source "Chessbase"]
[SourceDate "2019.11.06"]
[SourceVersion "1"]
[SourceVersionDate "2019.11.06"]
[SourceQuality "1"]

1. d4 Nf6 2. c4 g6 3. Nc3 Bg7 4. e4 d6 5. Nf3 0-0 6. Be2 e5 7. dxe5 dxe5 8. Qxd8 Rxd8 9. Bg5 c6 10. Nxe5 Re8 11. f4 Na6 12. 0-0-0 Nc5 13. Bf3 h6 14. Bh4 g5 15. Bf2 Ne6 16. f5 Nf4 17. Nd3 Nxd3+ 18. Rxd3 g4 19. Be2 b6 20. h3 Nxe4 21. Nxe4 Bxf5 22. Rg3 Bxe4 23. Bxg4 Be5 24. Rb3 Bf4+ 25. Be3 Bxg2 26. Bxf4 Bxh1 27. Rg3 Kh8 28. Bxh6 Be4 29. Bg5 Kh7 30. Bf6 Rg8 31. Re3 Kg6 32. Bc3 f5 33. Be2 c5 34. b3 Rae8 35. h4 f4 36. Rh3 Kh6 37. Bd2 Ref8 38. Bf3 Bxf3 39. Rxf3 Rg4 40. Rd3 Rf7 41. Rd6+ Kh5 42. Be1 Rg1 43. Kd2 Re7 44. Rd5+ Kh6 0-1

[Event "Montevideo Nazzari Cup"]
[Site "Montevideo"]
[Date "2019.10.14"]
[Round "1"]
[White "Carvalho, Guillermo"]
[Black "Rodriguez Farias, Eduardo"]
[Result "1-0"]
[WhiteElo "2183"]
[BlackElo "1931"]
[PlyCount "89"]
[EventDate "2019.10.14"]
[EventType "swiss"]
[EventRounds "7"]
[EventCountry "URU"]
[SourceTitle "CBM 192 Extra"]
[Source "Chessbase"]
[SourceDate "2019.11.06"]
[SourceVersion "1"]
[SourceVersionDate "2019.11.06"]
[SourceQuality "1"]

1. Nf3 Nf6 2. d4 g6 3. g3 Bg7 4. Bg2 0-0 5. 0-0 d6 6. b3 Nbd7 7. Bb2 Re8 8. Nbd2 e5 9. dxe5 dxe5 10. e4 b6 11. Qe2 a5 12. Rfd1 Qe7 13. Qe1 Bb7 14. h3 Qc5 15. Nc4 b5 16. Nxa5 Bxe4 17. b4 Qxc2 18. Rd2 Qa4 19. Rxd7 Rxa5 20. Rxc7 Ra7 21. Rxa7 Qxa7 22. a3 Bd5 23. Rd1 Bc4 24. Nd2 Bd3 25. Ne4 Nxe4 26. Rxd3 Nf6 27. Bc6 Rc8 28. Bxb5 Nh5 29. Qd2 Bf6 30. Rd7 Qb6 31. Qd5 Rf8 32. Bxe5 Bxe5 33. Qxe5 Nxg3 34. Qxg3 Qxb5 35. Qd3 Qg5+ 36. Kh2 Qe5+ 37. Qg3 Qf5 38. Rb7 Re8 39. Rb8 Rxb8 40. Qxb8+ Kg7 41. Qg3 Qc2 42. Qe5+ Kh6 43. Qc5 Qa4 44. Qf8+ Kh5 45. Qxf7 1-0